The best book of fairy tales / (Record no. 191020)

000 -LEADER
fixed length control field 00745 a2200169 4500
003 - CONTROL NUMBER IDENTIFIER
control field Nust
005 - DATE AND TIME OF LATEST TRANSACTION
control field 20230331093506.0
020 ## - INTERNATIONAL STANDARD BOOK NUMBER
International Standard Book Number 1850514674
040 ## - CATALOGING SOURCE
Transcribing agency Nust
082 ## - DEWEY DECIMAL CLASSIFICATION NUMBER
Classification number 808.8992,PER
100 ## - MAIN ENTRY--PERSONAL NAME
Personal name Parrault, Charles
9 (RLIN) 111628
245 ## - TITLE STATEMENT
Title The best book of fairy tales /
Statement of responsibility, etc. Charles Parraul & Madame d'Aulnoy
260 ## - PUBLICATION, DISTRIBUTION, ETC.
Place of publication, distribution, etc. London
Name of publisher, distributor, etc. Treasure Press
Date of publication, distribution, etc. 1988
300 ## - PHYSICAL DESCRIPTION
Extent 214 p
505 ## - FORMATTED CONTENTS NOTE
Formatted contents note Little Red Riding Hood (Page-6), Cinderella (Page-10), Tom Thumb (Page-21), The Sleeping Beauty (Page-36), Puss in Boots (Page-51), The Fairy (Page-57), Donkey Skin (Page-62), The Prince with the Tuft (Page-82), Blue Bread (Page-92), The Blue Bird (Page-100), The Yellow Dwarf (Page-138), The Green Serpent (Page-169).
942 ## - ADDED ENTRY ELEMENTS (KOHA)
Source of classification or shelving scheme
Koha item type Book
Call number prefix 808.8992,PER
Holdings
Withdrawn status Lost status Source of classification or shelving scheme Damaged status Not for loan Permanent Location Current Location Shelving location Date acquired Full call number Barcode Date last seen Price effective from Koha item type Public note
          Military College of Signals (MCS) Military College of Signals (MCS) Fiction 12/12/2016 808.8992,PER MCS2079 12/08/2016 12/12/2016 Book Almirh No 75, Shelf No 4
© 2023 Central Library, National University of Sciences and Technology. All Rights Reserved.